000
00315nam a22001337a 4500
008
170914b xxu||||| |||| 00| 0 eng d
020
_a
9780312255435
041
_a
eng
080
_2
4 ED
_a
7
100
_a
44
101
_a
ART
245
_a
THE BEDFORD INTRODUCTION TO DRAMA
_c
JACOBUS.L.A
942
_2
udc
_c
BK
999
_c
27734
_d
27734